[Event "Manizales Feria op 29th"]
[Site "Manizales"]
[Date "2024.01.08"]
[Round "6"]
[White "Piza Vera, Andres"]
[Black "Alvarez Moncada, Carlos Alberto"]
[Result "0-1"]
[WhiteElo "1465"]
[BlackElo "1443"]
[PlyCount "80"]
[EventDate "2024.01.05"]
[EventType "swiss"]
[EventRounds "7"]
[EventCountry "COL"]
[SourceTitle "CBM 218 Extra"]
[Source "ChessBase"]
[SourceDate "2024.03.31"]
[SourceVersion "1"]
[SourceVersionDate "2024.03.31"]
[SourceQuality "1"]

1. d4 d5 2. c4 Nf6 3. g3 Bf5 4. Bg2 c6 5. Nd2 e6 6. c5 Be7 7. Ngf3 Nbd7 8. 0-0 0-0 9. b3 b6 10. b4 b5 11. a3 a6 12. Nh4 Re8 13. Bb2 Qc7 14. Re1 Ng4 15. Nxf5 exf5 16. h3 Ngf6 17. Qc2 g6 18. a4 Bf8 19. Bc1 Ne4 20. Nxe4 fxe4 21. e3 f5 22. Bd2 Bg7 23. Kh2 h5 24. Rf1 h4 25. f4 exf3 26. Rxf3 Nf6 27. Be1 Ne4 28. Rf4 hxg3+ 29. Bxg3 Nxg3 30. Qf2 Nh5 31. Rf1 Bh6 32. Kg1 Bxf4 33. exf4 Re7 34. Qh4 Rae8 35. Bf3 Nxf4 36. Bxd5+ Nxd5 37. Rf2 Re1+ 38. Kg2 R8e2 39. Qg5 Nf4+ 40. Kf3 Re3# 0-1

[Event "Manizales Las Americas blitz op"]
[Site "Manizales"]
[Date "2021.10.23"]
[Round "1"]
[White "Alvarez Moncada, Carlos Alberto"]
[Black "Araujo Sanchez, Josue"]
[Result "0-1"]
[WhiteElo "1768"]
[BlackElo "2181"]
[PlyCount "98"]
[EventDate "2021.10.23"]
[EventType "swiss (blitz)"]
[EventRounds "11"]
[EventCountry "COL"]
[SourceTitle "CBM 205 Extra"]
[Source "ChessBase"]
[SourceDate "2022.01.31"]
[SourceVersion "1"]
[SourceVersionDate "2022.01.31"]
[SourceQuality "1"]

1. d4 Nf6 2. Bf4 g6 3. Nf3 Bg7 4. e3 0-0 5. c4 c5 6. d5 Ne4 7. Qc2 Qa5+ 8. Kd1 d6 9. Qxe4 Bxb2 10. Bd3 Bf5 11. Qxe7 Bxd3 12. Qxb7 Qa4+ 13. Qb3 Qxb3+ 14. axb3 Bxa1 15. Kd2 Bxb1 16. Rxb1 Be5 17. Bxe5 dxe5 18. Nxe5 f6 19. Nd3 Nd7 20. h4 a5 21. Kc3 Rfb8 22. f4 a4 23. bxa4 Rxb1 24. g4 Rxa4 25. e4 Ra3+ 26. Kc2 Rxd3 27. Kxd3 g5 28. hxg5 fxg5 29. f5 Ne5+ 30. Kc2 Rg1 31. Kb3 Rxg4 32. Ka4 Rxe4 33. Kb5 Rxc4 34. d6 Kf7 35. d7 Ke7 36. f6+ Kxd7 37. f7 Ke7 38. f8Q+ Kxf8 39. Kb6 g4 40. Kc7 Rd4 41. Kb6 c4 42. Kb5 Rd7 43. Kc5 g3 44. Kb4 g2 45. Kc3 g1Q 46. Kc2 Qf2+ 47. Kc3 Rd3+ 48. Kb4 Qb6+ 49. Ka4 Ra3+ 0-1

[Event "Manizales Las Americas blitz op"]
[Site "Manizales"]
[Date "2021.10.23"]
[Round "8"]
[White "Alvarez Moncada, Carlos Alberto"]
[Black "Rojas Mendoza, Joun Sun"]
[Result "0-1"]
[WhiteElo "1768"]
[BlackElo "1633"]
[PlyCount "61"]
[EventDate "2021.10.23"]
[EventType "swiss (blitz)"]
[EventRounds "11"]
[EventCountry "COL"]
[SourceTitle "CBM 205 Extra"]
[Source "ChessBase"]
[SourceDate "2022.01.31"]
[SourceVersion "1"]
[SourceVersionDate "2022.01.31"]
[SourceQuality "1"]

1. e4 e5 2. f4 exf4 3. Nf3 Be7 4. Bc4 Bh4+ 5. Kf1 Be7 6. Ne5 Nh6 7. d4 0-0 8. Bxf4 d6 9. Nf3 Ng4 10. Nc3 Nc6 11. h3 Nf6 12. Qe2 Nh5 13. Bh2 Bh4 14. Rd1 Bg3 15. d5 Bxh2 16. Qd2 Ng3+ 17. Kf2 Nxh1+ 18. Rxh1 Ne5 19. Nxe5 Bxe5 20. h4 Qf6+ 21. Ke1 Bg3+ 22. Kd1 Bg4+ 23. Be2 Bxe2+ 24. Qxe2 Rae8 25. Rf1 Qd4+ 26. Kc1 Bxh4 27. Qf3 Bg5+ 28. Kb1 Qe3 29. Qf5 g6 30. Qg4 h5 31. Qd1 0-1

[Event "Manizales Las Americas blitz op"]
[Site "Manizales"]
[Date "2021.10.23"]
[Round "2"]
[White "Cuervo Velasquez, Juan Manuel"]
[Black "Alvarez Moncada, Carlos Alberto"]
[Result "0-1"]
[WhiteElo "1296"]
[BlackElo "1768"]
[PlyCount "69"]
[EventDate "2021.10.23"]
[EventType "swiss (blitz)"]
[EventRounds "11"]
[EventCountry "COL"]
[SourceTitle "CBM 205 Extra"]
[Source "ChessBase"]
[SourceDate "2022.01.31"]
[SourceVersion "1"]
[SourceVersionDate "2022.01.31"]
[SourceQuality "1"]

1. e4 e5 2. Nf3 Nc6 3. Bb5 d6 4. d4 exd4 5. 0-0 Bd7 6. Nxd4 Ne5 7. Bxd7+ Qxd7 8. Nc3 Nf6 9. h3 Be7 10. f4 Ng6 11. Nf5 0-0 12. Qe2 Rfe8 13. Bd2 Bf8 14. Rae1 Qc6 15. Kh1 Rad8 16. Nd4 Qd7 17. Qf3 c5 18. Nf5 Ne7 19. Nxe7+ Rxe7 20. Be3 b6 21. Rd1 Qc6 22. e5 Qxf3 23. Rxf3 Ne8 24. Bf2 Red7 25. Rfd3 Nc7 26. Nd5 Ne6 27. f5 Ng5 28. Nc3 b5 29. Nxb5 Rb7 30. Nxd6 Rxb2 31. h4 Rxc2 32. Bg1 Bxd6 33. hxg5 Kf8 34. Rxd6 Re8 35. e6 0-1